Return of the eco-warrier (Record no. 73519)
[ view plain ]
| 000 -LEADER | |
|---|---|
| fixed length control field | 01167cam a2200217 4500 |
| 001 - CONTROL NUMBER | |
| control field | ABS67112 |
| 008 - FIXED-LENGTH DATA ELEMENTS--GENERAL INFORMATION | |
| fixed length control field | 031001n2003 000 0 eng u |
| 035 ## - SYSTEM CONTROL NUMBER | |
| System control number | (Sirsi) u123800 |
| 100 ## - MAIN ENTRY--PERSONAL NAME | |
| Personal name | Allen, K. |
| 245 ## - TITLE STATEMENT | |
| Title | Return of the eco-warrier |
| 260 ## - PUBLICATION, DISTRIBUTION, ETC. | |
| Date of publication, distribution, etc. | 2003 |
| 490 ## - SERIES STATEMENT | |
| Series statement | Building |
| Volume/sequential designation | 268(8299) 12 September 2003, 36-39(2) |
| 520 ## - SUMMARY, ETC. | |
| Summary, etc. | Examines the return of environmental protesters who are now targeting the new development of airports which will expand Britain's air capacity by nearly 300%. A white paper is being released in the next three months which will identify the best sites for this development. The protesters argue that aeroplanes are more polluting than roads and point out that this new movement will potentially attract more people than at its previous peak in the mid 1990s. It is possible that protest camps will be set up towards the end of the year after the announcement as to which sites will have further development. |
| 590 ## - LOCAL NOTE (RLIN) | |
| Local note | ABS |
| 650 ## - SUBJECT ADDED ENTRY--TOPICAL TERM | |
| Topical term or geographic name entry element | AIRPORT DEVELOPMENT |
| 650 ## - SUBJECT ADDED ENTRY--TOPICAL TERM | |
| Topical term or geographic name entry element | ENVIRONMENTAL PROTESTERS |
| 650 ## - SUBJECT ADDED ENTRY--TOPICAL TERM | |
| Topical term or geographic name entry element | CIVIL ENGINEERING CONTRACTORS |
| 650 ## - SUBJECT ADDED ENTRY--TOPICAL TERM | |
| Topical term or geographic name entry element | M6 TOLL |
| 690 ## - LOCAL SUBJECT ADDED ENTRY--TOPICAL TERM (OCLC, RLIN) | |
| Topical term or geographic name as entry element | TRANSPORT AND COMMUNICATIONS |
| 942 ## - ADDED ENTRY ELEMENTS (KOHA) | |
| Suppress in OPAC | 0 |
| Withdrawn status | Lost status | Source of classification or shelving scheme | Damaged status | Not for loan | Home library | Current library | Shelving location | Date acquired | Total Checkouts | Full call number | Barcode | Date last seen | Copy number | Price effective from | Koha item type |
|---|---|---|---|---|---|---|---|---|---|---|---|---|---|---|---|
| Dewey Decimal Classification | London | London | Journal article | 01/10/2003 | ABS67112 | 123800-1001 | 06/08/2019 | 1 | 06/08/2019 | Journal article |